Selección Argentina de Fútbol - Estadísticas

Estadísticas generales
  • Esta prueba ha sido intentada 2.473 veces
  • La puntuación promedio es 19 de 29
Estadísticas de respuestas
# Nombre % Correcto
10. Lionel Messi
99%
23. Emiliano Martínez
96%
22. Lautaro Martínez
93%
11. Ángel Di María
91%
25. Lisandro Martínez
89%
19. Nicolás Otamendi
84%
7. Rodrigo de Paul
84%
1. Franco Armani
83%
27. Julián Álvarez
80%
13. Cristian Romero
79%
DT. Lionel Scaloni
79%
8. Marcos Acuña
77%
5. Leandro Paredes
75%
3. Nicolás Tagliafico
74%
4. Gonzalo Montiel
71%
26. Nahuel Molina
68%
9. Sergio Agüero
65%
20. Giovani Lo Celso
60%
24. Alejandro Gómez
57%
21. Ángel Correa
53%
16. Joaquín Correa
52%
6. Germán Pezzella
50%
18. Guido Rodriguez
49%
15. Nicolás González
41%
14. Exequiel Palacios
38%
28. Juan Musso
31%
12. Agustín Marchesín
24%
2. Lucas Martínez Quarta
24%
17. Nicolás Domínguez
14%
No se encontraron pruebas coincidentes
Distribución de puntuación
Porcentaje de gente con cada puntuación
Porcentaje por número respondido
Historial de tus puntuaciones
No has intentado esta prueba.